| 000 | 00858nam a2200265 a 4500 | ||
|---|---|---|---|
| 001 | 000015635 | ||
| 005 | 20200929164111.0 | ||
| 008 | 830723s1983 ilua b 001 0 eng | ||
| 010 | _a82073406 | ||
| 020 | _a0870943677 | ||
| 040 |
_aDO-SdBNP _cDLC _dDLC |
||
| 050 | 0 | 0 |
_aRC480.7 _b.P37 1983 |
| 100 | 1 |
_aPascal, Gerald Ross, _d1906- _935229 |
|
| 245 | 1 | 4 |
_aThe practical art of diagnostic interviewing / _cGerald Ross Pascal. |
| 260 |
_aHomewood, Ill. : _bDow Jones-Irwin, _cc1983. |
||
| 300 |
_avii, 124 p. : _bill. ; _c24 cm. |
||
| 440 | 4 |
_aThe Dorsey professional series _935230 |
|
| 504 | _aBibliography: p. 121-122. | ||
| 500 | _aIncludes index. | ||
| 650 | 0 |
_aInterviewing in mental health. _935231 |
|
| 650 | 0 |
_aPsychology, pathological _xDiagnosis. _935232 |
|
| 910 | _aCatalogación por copia / LC | ||
| 910 | _aDC | ||
| 082 | 0 | 0 |
_a616.89/075 _219 |
| 999 |
_c15187 _d15187 |
||